| Tag |
First Indicator |
Second Indicator |
Subfields |
| LEADER |
00000nmm a22000001a 4500 |
| 001 |
in00004622821 |
| 006 |
m|||||o||m|||||||| |
| 007 |
cr|cn |||uuuuu |
| 008 |
221118s2018 xxu||||eo|||| ||||||eng d |
| 005 |
20221207220747.6 |
| 035 |
|
|
|a (TxWaIVM)IV75351DyBa
|
| 040 |
|
|
|a TxWaIVM
|c TxWaIVM
|
| 245 |
0 |
0 |
|a Barbarella #6 /
|c powered by Library Pass.
|
| 260 |
3 |
|
|a [United States] :
|b Dynamite,
|c 2018.
|
| 300 |
|
|
|a 1 online resource.
|
| 336 |
|
|
|a text
|b txt
|2 rdacontent
|
| 337 |
|
|
|a computer
|b c
|2 rdamedia
|
| 338 |
|
|
|a online resource
|b cr
|2 rdacarrier
|
| 520 |
|
|
|a The great R.U.S.T. rush has pitted Barbarella against fellow prospectors, the Glain family as the old west meets the final frontier (and please, no "Cowboys and Aliens jokes)! With an inconceivable fortune at stake the fighting is getting dirty, and Barbarella finds herself on the defensive in a maze where time and space have no meaning! But the heart of the maze is stranger still...
|
| 521 |
|
|
|a 3
|
| 538 |
|
|
|a Requires a valid library card and registration for new users.
|
| 538 |
|
|
|a Mode of access: World Wide Web.
|
| 538 |
|
|
|a System requirements: Flash 10.1 or higher, Windows XP and higher, Internet Explorer 7 and higher, Firefox 3.6 and higher, Google Chrome; Max OS 10.5 and higher, Safari 4 and higher.
|
| 650 |
|
0 |
|a Comic books, strips, etc.
|
| 655 |
|
7 |
|a Electronic books.
|2 local
|
| 655 |
|
7 |
|a Comic books, strips, etc.
|2 gsafd
|
| 650 |
|
0 |
|a Comic books, strips, etc. --Women
|
| 655 |
|
7 |
|a Comic books, strips, etc. --Women
|2 gsafd
|
| 650 |
|
0 |
|a Movie & TV
|
| 655 |
|
7 |
|a Movie & TV
|2 gsafd
|
| 650 |
|
0 |
|a Underground comic books, strips, etc.
|
| 655 |
|
7 |
|a Underground comic books, strips, etc.
|2 gsafd
|
| 650 |
|
0 |
|a Science fiction comic books, strips, etc.
|
| 655 |
|
7 |
|a Science fiction comic books, strips, etc.
|2 gsafd
|
| 700 |
1 |
|
|a Carey, Mike.
|e writer.
|
| 700 |
1 |
|
|a Yarar, Kenan.
|e artist.
|
| 710 |
2 |
|
|a Library Pass, LLC.
|
| 856 |
4 |
0 |
|u http://proxy.library.tamu.edu/login?url=https://tamu.librarypass.com/product/com.iversecomics.dynamite.barbarella.six.english.05082018
|z Connect to this electronic book (First time users create your free account)
|t 0
|
| 955 |
|
|
|a Comics Plus.
|
| 999 |
f |
f |
|s 14b05a42-e067-4ea8-a3a4-f38544e9fda6
|i 2866344b-c8e6-4f97-acd0-0fa3cb316960
|t 0
|
| 952 |
f |
f |
|a Texas A&M University
|b College Station
|c Electronic Resources
|d Available Online
|t 0
|h Library of Congress classification
|
| 998 |
f |
f |
|t 0
|l Available Online
|